000 nam a22 7a 4500
999 _c8318
_d8318
008 171227b xxu||||| |||| 00| 0 eng d
100 _aNational Council of Education
_94721
245 _aFifth all India educational Survey
250 _avolume 2
260 _aNew Delhi
_bNational Council of Education
_c1913